• 首页
  • 本馆介绍
  • 公告通知
  • 最新文献
  • 馆藏检索
  • 电子资源
  • 读者导购
  • 参考咨询
  • 我的图书馆
  • 登录
  • 详细信息显示
  • 放入我的书架
  • 预约/预借图书
  • 作者相关作品
  • 分类相关作品
  • 丛书相关作品
  • 出版社相关作品

书目信息

  • 表格格式
  • 工作单格式
  • 卡片格式
题名:
政党与现代社会发展
    
 
作者: 石仑山 , 马晓燕 著
分册:  
出版信息: 北京   中国文联出版公司  2004
页数: 293页
开本: 20cm
丛书名:
单 册:
中图分类: D05
科图分类:
主题词: 政党--影响--社会发展--研究
电子资源:
ISBN: 7-5059-4582-3
000 00723nam0 2200229 450
001 TS2006025906
005 20070117152707.59
010    @a7-5059-4582-3@dCNY20.00
100    @a20060829d2005 ekmy0chiy0120 ea
101 0  @achi
102    @aCN@b110000
105    @ay z 000yy
200 1  @a政党与现代社会发展@AZheng Dang Yu Xian Dai She Hui Fa Zhan@f石仑山, 马晓燕著@FShi Lun Shan , Ma Xiao Yan Zhu
210    @a北京@c中国文联出版公司@c中国社会科学出版社@d2004
215    @a293页@d20cm
320    @a有书目 (第289-291页)
606 0  @a政党@x影响@x社会发展@x研究
690    @aD05@v4
701  0 @a石仑山@AShi Lun Shan@4著
701  0 @a马晓燕@AMa Xiao Yan@4著
801  0 @aCN@b中图数据@c20070117
905    @a10447@dD05@e8
    
    政党与现代社会发展/石仑山, 马晓燕著.-北京:中国文联出版公司:中国社会科学出版社,2004
    293页;20cm
    
    
    ISBN 7-5059-4582-3:CNY20.00
    
●
相关链接 在E读中查询图书 在五车中查询图书 在当当中查询图书 在豆瓣中查询图书


正题名:政党与现代社会发展     索取号:D05/8         预约/预借

序号 登录号 条形码 馆藏地/架位号 状态 备注
1 0615534   206155346   第一样本阅览室/ [索取号:D05/8] 在馆    
2 0615535   206155355   第一借阅区/ [索取号:D05/8] 在馆    
3 0615536   206155364   第一借阅区/ [索取号:D05/8] 在馆    
4 0615537   206155373   第一借阅区/ [索取号:D05/8] 在馆    
5 0615538   206155382   第一借阅区/ [索取号:D05/8] 在馆    
唐山师范学院图书馆 欢迎您!
大连网信软件有限公司© 版权所有